Rangbhumi : (Record no. 38575)
[ view plain ]
| 000 -LEADER | |
|---|---|
| fixed length control field | 00838nam a22002417a 4500 |
| 005 - DATE AND TIME OF LATEST TRANSACTION | |
| control field | 20100802115413.0 |
| 010 ## - LCCN (DPL NO) | |
| LC control number | ENG-97759 |
| 020 ## - INTERNATIONAL STANDARD BOOK NUMBER | |
| International Standard Book Number | 0195667123 |
| Terms of availability | 950.00 |
| 020 ## - INTERNATIONAL STANDARD BOOK NUMBER | |
| International Standard Book Number | 9780195667127 |
| Terms of availability | 950.00 |
| 035 ## - SYSTEM CONTROL NUMBER | |
| System control number | EN-81292 |
| 037 ## - SOURCE OF ACQUISITION | |
| Source of stock number/acquisition | DBAD/PUB |
| 082 ## - DEWEY DECIMAL CLASSIFICATION NUMBER | |
| Classification number | N |
| 100 ## - MAIN ENTRY--PERSONAL NAME | |
| Personal name | Premchand |
| 245 ## - TITLE STATEMENT | |
| Title | Rangbhumi : |
| Remainder of title | the arena of life / |
| Statement of responsibility, etc | by Premchand ; translated by Christopher King |
| 260 ## - PUBLICATION, DISTRIBUTION, ETC. (IMPRINT) | |
| Place of publication, distribution, etc | New Delhi |
| Name of publisher, distributor, etc | Oxford University Press |
| Date of publication, distribution, etc | 2010 |
| 270 ## - ADDRESS | |
| Address | YMCA Library Building, Jai Singh Road, |
| City | New Delhi |
| Postal code | 110001 |
| 300 ## - PHYSICAL DESCRIPTION | |
| Extent | xviii, 650p. |
| Dimensions | 23cm (Hb) |
| 650 ## - SUBJECT ADDED ENTRY--TOPICAL TERM | |
| Topical term or geographic name as entry element | Peasents |
| Geographic subdivision | India |
| General subdivision | Fiction |
| 650 ## - SUBJECT ADDED ENTRY--TOPICAL TERM | |
| Topical term or geographic name as entry element | Caste |
| Geographic subdivision | India |
| General subdivision | Fiction |
| 700 ## - ADDED ENTRY--PERSONAL NAME | |
| Personal name | King, Christopher |
| 9 (RLIN) | 3988 |
| 942 ## - ADDED ENTRY ELEMENTS (KOHA) | |
| Source of classification or shelving scheme | Dewey Decimal Classification |
| Item type | English Books |
| Classification part | N |
| Call number suffix | PRE |
| Withdrawn status | Lost status | Not for loan | Collection code | Home library | Current library | Date acquired | Source of acquisition | Cost, normal purchase price | Full call number | Barcode | Copy number | Cost, replacement price | Koha item type |
|---|---|---|---|---|---|---|---|---|---|---|---|---|---|
| Not For Loan | Fiction | D.B.Act.Division | D.B.Act.Division | 02/08/2010 | DBAD/PUB | 950.00 | N PRE | EN-81292 | 1 | 950.00 | English Books |
